000 00454nam a2200133Ia 4500
008 200626s9999 xx 000 0 und d
020 _a0-471-10989-4
245 4 _aThe entrepreneur magazine:
_bSmall business advisor /
260 _aNew Jerser:
_bJohn Wiley & Sons, Inc.
_c1995
300 _axviii, 664 pages
500 _aIncludes Index
650 _aEntrepreneurship -- Handbooks, manuals, etc.
650 _aSmall business -- Handbooks, manuals, etc.
999 _c363803
_d363803